000 00499nam a2200181Ia 4500
005 20250326142620.0
008 250326s9999 xx 000 0 und d
037 _aTextbook
040 _aFMSL
_beng
_cFMSL
041 _aeng
_2eng
084 _aX8(A) N2
_qFMSL
100 _aHewitt T
_9746313
245 0 _aIndustrialization and development
_cHewitt T
260 _aOxfoord
_bOxfoord, Oxford University
_c1992
300 _a347p
942 _cTB
_hX8(A) N2
999 _c1295840
_d1295840